000 00628nam a2200217Ia 4500
003 OSt
005 20220925202018.0
006 a|||||r|||| 00| 0
007 ta
008 220923b |||||||| |||| 00| 0 eng d
037 _cGeneral Book
040 _aRTL
_cRTL
_beng
041 _2eng
_aeng
082 _aX9(JB):8, P3
100 _aJuo Antony S.R.
_9263092
245 0 _aTropical soils.Properties and management for sustainble agerculture
260 _aDelhi
_bOxford University Press
_c2003
300 _a281p
_ccm.
942 _hX9(JB):8, P3
_cGB
_2CC
999 _c542173
_d542173